000 00686cam a2200229 a 4500
001 16962681
005 20250318104511.0
008 110915s2012 nyua 001 0 eng
020 _a9780199588053 (pbk.)
020 _a0199588058 (pbk.)
050 0 0 _aH62
_b.B787 2012
082 0 0 _a300.72
_223
100 1 _aBryman, Alan.
245 1 0 _aSocial research methods /
_cAlan Bryman.
250 _a4th ed.
260 _aOxford ;
_aNew York :
_bOxford University Press,
_c2012.
300 _axli, 766 p. :
_bill. ;
_c27 cm.
500 _aText accompanied by a companion web site.
650 0 _aSocial sciences
_xResearch.
650 0 _aSocial sciences
_xMethodology.
942 _2lcc
_cBK
_n0
999 _c4919
_d4919